[Event "Invitation Match"]
[Site "Groningen NED"]
[Date "2008.12.27"]
[Round "2"]
[White "Smeets,J"]
[Black "Werle,J"]
[Result "1/2-1/2"]
[WhiteElo "2604"]
[BlackElo "2582"]

1.e4 e5 2.Nf3 Nc6 3.Bb5 a6 4.Ba4 Nf6 5.O-O Be7 6.Re1 b5 7.Bb3 d6 8.c3 O-O
9.h3 Bb7 10.d4 Re8 11.Nbd2 Bf8 12.d5 Nb8 13.Nf1 Nbd7 14.N3h2 Nc5 15.Bc2 c6
16.b4 Ncd7 17.dxc6 Bxc6 18.Bg5 Qc7 19.Bxf6 Nxf6 20.Ng4 Nxg4 21.hxg4 Be7 22.Bb3 Bg5
23.Qf3 Rf8 24.Ne3 Bxe3 25.Rxe3 Qe7 26.Rd1 Rad8 27.Red3 Qb7 28.Rxd6 Rxd6 29.Rxd6 Bxe4
30.Qg3 Qc8 31.Qe3 Bb7 32.g5 Qf5 33.Rb6 Bc8 34.Qd2 Qb1+ 35.Kh2 Qe4 36.Qe3 Qf5
37.c4 Be6 38.c5 Bxb3 39.axb3 f6 40.gxf6 Rxf6 41.Rxf6 Qxf6 42.Qc3 Qf4+ 43.Kg1 e4
44.c6 Qc7 45.Qc5 Kf7 46.Qd5+ Ke7 47.Qxe4+ Kd6 48.Qxh7 Qe7 49.Qc2 Kc7 50.Qc3 g5
51.Kh2 Qf8 52.Qg3+ Kxc6 53.Qf3+ Qxf3 54.gxf3 Kb6 55.Kg3 a5 56.bxa5+ Kxa5
57.Kg4 Kb4 58.Kxg5 Kxb3 59.f4 b4 60.f5 Kc4 61.f6 b3 62.f7 b2 63.f8=Q b1=Q
64.Qf4+ Kc3 65.Qe5+ Kc4 66.f4 Qg1+ 67.Kf6 Qh1 68.Qe6+ Kc5 69.f5 Qh6+ 70.Kf7 Qh7+
71.Ke8 Qh8+ 72.Kd7 Qd4+ 73.Ke7 Qg7+ 74.Qf7 Qe5+ 75.Qe6 Qg7+ 76.Kd8 Qh8+ 77.Kc7 Qg7+
78.Qd7 Qe5+ 79.Kd8 Qh8+ 80.Ke7 Qg7+ 81.Ke6 Qg8+ 82.Qf7 Qg4 83.Qc7+ Kb5 84.Qe5+ Ka4
85.Kd7 Qh3 86.Qe4+ Ka3 87.Ke6 Ka2 88.Qc4+ Ka3 89.Qd4 Ka2 90.Qe5 Ka3 91.Ke7 Qh4+
92.f6 Ka2 93.Ke8 Qa4+ 94.Kf8 Qa8+ 95.Qe8 Qa3+ 96.Qe7 Qa8+ 97.Kf7 Qh1 98.Qe6+ Kb1
99.Qf5+ Ka1 100.Qe5+ Kb1 101.Qb5+ Ka1 102.Qa5+ Kb1 103.Qb4+ Kc2 104.Ke7 Qd5
105.f7 Qe5+ 106.Kd8 Qd5+ 107.Ke8 Qe6+ 108.Kf8 Qh6+ 109.Ke7 Qg5+ 110.Ke8 Qe5+
111.Qe7 Qb8+ 112.Kd7 Qb7+ 113.Ke6 Qe4+ 114.Kf6 Qh4+ 115.Ke6 Qe4+ 116.Kd6 Qb4+
117.Kd7 Qb7+ 118.Ke8 Qb8+ 119.Qd8 Qe5+ 120.Kd7 Qd5+ 121.Ke8 Qe5+ 122.Kd7 Qd5+
123.Kc8 Qxf7 124.Qc7+ Qxc7+ 125.Kxc7  1/2-1/2

[Event "17th Donau Open"]
[Site "Aschach AUT"]
[Date "2008.12.29"]
[Round "5"]
[White "Knoll,H"]
[Black "Wiesinger,R"]
[Result "0-1"]
[WhiteElo "2371"]
[BlackElo "2237"]

1.e4 e5 2.Nf3 Nc6 3.Bb5 a6 4.Ba4 Nf6 5.O-O Be7 6.Re1 b5 7.Bb3 d6 8.c3 O-O
9.h3 Bb7 10.d4 Re8 11.Nbd2 Bf8 12.d5 Nb8 13.Nf1 Nbd7 14.N3h2 Nc5 15.Bc2 c6
16.b4 Ncd7 17.dxc6 Bxc6 18.Bg5 Qc7 19.Ng4 Nxg4 20.Qxg4 Nb6 21.Bb3 Bd7 22.Qf3 Be6
23.Rac1 Nc4 24.Red1 a5 25.Ne3 h6 26.Bh4 Nxe3 27.Qxe3 Rec8 28.Kh2 Qa7 29.Qe2 Rab8
30.Bxe6 fxe6 31.Qg4 Qd7 32.Bg3 Qf7 33.bxa5 Ra8 34.f4 h5 35.Qf3 h4 36.Bxh4 Qxf4+
37.Qxf4 exf4 38.c4 Rxc4 39.Rxc4 bxc4 40.Be1 Rb8 41.Bc3 Be7 42.h4 Kf7 43.Kh3 Rh8
44.Be1 e5 45.Kg4 Ke6 46.Rb1 Rc8 47.Bc3 Rh8 48.h5 g6 49.hxg6 Rg8 50.Kf3 Rxg6
51.Be1 Rg8 52.Rb6 Rc8 53.Bc3 Bd8 54.Rb5 Kd7 55.a4 Bc7 56.Be1 Rb8 57.Rxb8 Bxb8
58.Bf2 Kc6 59.a6 Bc7 60.a7 Kb7 61.Ke2 Ba5 62.Kd1 Bc3 63.Kc2 Bd4 64.Be1 Kxa7
65.Bb4 Kb6 66.Bxd6 Ka5 67.Bb8 Kxa4 68.Bd6 Kb5 69.Bb8 Kc6 70.Kd2 Kd7 71.Ke2 Ke6
72.Bc7 Kf6 73.Ba5 Kg5 74.Kf3 c3 75.g3 c2 76.gxf4+ exf4  0-1

[Event "Invitation Match"]
[Site "Groningen NED"]
[Date "2008.12.29"]
[Round "4"]
[White "Smeets,J"]
[Black "Werle,J"]
[Result "1-0"]
[WhiteElo "2604"]
[BlackElo "2582"]

1.e4 e5 2.Nf3 Nc6 3.Bb5 a6 4.Ba4 Nf6 5.O-O Be7 6.Re1 b5 7.Bb3 d6 8.c3 O-O
9.h3 Bb7 10.d4 Re8 11.Nbd2 Bf8 12.d5 Nb8 13.Nf1 Nbd7 14.N3h2 Nc5 15.Bc2 c6
16.b4 Ncd7 17.dxc6 Bxc6 18.Bg5 Qc7 19.Bxf6 Nxf6 20.Ng4 Nxg4 21.hxg4 a5 22.Ne3 Be7
23.a4 Bb7 24.Bb3 bxa4 25.Bd5 axb4 26.cxb4 Reb8 27.Bxb7 Qxb7 28.Nd5 Bd8 29.Rxa4 Bb6
30.Rxa8 Rxa8 31.Qe2 Rc8 32.g3 h6 33.Kg2 Bd8 34.Ra1 Qd7 35.Ra6 Rb8 36.Ra1 Kf8
37.Rb1 Qa4 38.b5 Qd4 39.Rb4 Qc5 40.Rb2 Qd4 41.b6 Rxb6 42.Nxb6 Bxb6 43.Qb5 Bc5
44.Qe2 g6 45.Rb7 Kg7 46.Qc2 Kf6 47.Rd7 g5 48.Rc7 Kg7 49.Rb7 Kf6 50.Qe2 Kg7
51.Qf3 Qc4 52.Qf5 Qa2 53.Rb8 Qe2 54.Rb3 Qc4 55.Rf3 Qe6 56.Qxe6 fxe6 57.Rb3 Kf6
58.Rb7 Kg6 59.Re7 Kf6 60.Rh7 Kg6 61.Rd7 Kf6 62.Kf3 Kg6 63.Ke2 Kf6 64.Rh7 Kg6
65.Re7 Kf6 66.Rd7 Kg6 67.f3 Kf6 68.Kd3 Kg6 69.Rd8 Kf6 70.Kc4 Ke7 71.Rh8 Bf2
72.Rh7+  1-0

[Event "38th Rilton Cup 2008-9"]
[Site "Stockholm SWE"]
[Date "2008.12.31"]
[Round "5"]
[White "Sagit,R"]
[Black "Klovans,J"]
[Result "1-0"]
[WhiteElo "2314"]
[BlackElo "2411"]

1.e4 e5 2.Nf3 Nc6 3.Bb5 a6 4.Ba4 Nf6 5.O-O Be7 6.Re1 b5 7.Bb3 d6 8.c3 O-O
9.h3 Bb7 10.d4 Re8 11.Nbd2 Bf8 12.a4 h6 13.Bc2 exd4 14.cxd4 Nb4 15.Bb1 c5
16.d5 g6 17.Re3 Bg7 18.Rea3 c4 19.Re3 Nd7 20.Qe1 Nd3 21.Bxd3 cxd3 22.axb5 axb5
23.Rxa8 Qxa8 24.Rxd3 Qa4 25.b4 Qc2 26.Re3 Bc3 27.Ba3 Ra8 28.Qb1 Qxb1+ 29.Nxb1 Bg7
30.Kf1 Nb6 31.Nfd2 f5 32.f3 Rc8 33.Re1 fxe4 34.fxe4 Nc4 35.Bc1 Ne5 36.Ke2 h5
37.Bb2 Rc2 38.Bc3 Nc4 39.Kd3 Ra2 40.Bxg7 Kxg7 41.Nxc4 bxc4+ 42.Kxc4 Ba6+
43.b5 Bc8 44.Nc3 Rxg2 45.e5 dxe5 46.Rxe5 Bxh3 47.b6 Rb2 48.Kc5 h4 49.d6 Rc2
50.Re3 Bc8 51.d7 Bxd7 52.b7 Rb2 53.Re7+ Kh6 54.Rxd7 h3 55.Nb5  1-0

[Event "ch-PriFO"]
[Site "Kazan RUS"]
[Date "2009.01.27"]
[Round "7"]
[White "Khairullin,I"]
[Black "Shinkevich,V"]
[Result "1-0"]
[WhiteElo "2574"]
[BlackElo "2516"]

1.e4 e5 2.Nf3 Nc6 3.Bb5 a6 4.Ba4 Nf6 5.O-O Be7 6.Re1 b5 7.Bb3 d6 8.c3 O-O
9.h3 Bb7 10.d4 Re8 11.Nbd2 Bf8 12.d5 Nb8 13.Nf1 Nbd7 14.N3h2 Nc5 15.Bc2 c6
16.b4 Ncd7 17.dxc6 Bxc6 18.Bg5 Qc8 19.Bxf6 Nxf6 20.Ng4 Nxg4 21.hxg4 Bd7 22.Ne3 Qxc3
23.Nd5 Qc6 24.Bb3 Rac8 25.g5 Be6 26.Qh5 Qb7 27.Rad1 Be7 28.Rd3 Bd8 29.Rg3 Kh8
30.Nf6 Bxf6 31.gxf6 g6 32.Qh6 Rg8 33.Ree3 g5 34.Rxg5 Rxg5 35.Qxg5 Rg8 36.Qh6 Bxb3
37.Rg3  1-0

[Event "7th Gibtelecom Masters"]
[Site "Caleta ENG"]
[Date "2009.01.30"]
[Round "4"]
[White "Szabo,Krisz1"]
[Black "Beliavsky,A"]
[Result "0-1"]
[WhiteElo "2508"]
[BlackElo "2646"]

1.e4 e5 2.Nf3 Nc6 3.Bb5 a6 4.Ba4 Nf6 5.O-O Be7 6.Re1 b5 7.Bb3 d6 8.c3 O-O
9.h3 Bb7 10.d4 Re8 11.Nbd2 Bf8 12.d5 Nb8 13.Nf1 Nbd7 14.N3h2 g6 15.Ng3 h5
16.Nf3 Nh7 17.Bc2 c6 18.dxc6 Bxc6 19.a4 Nc5 20.axb5 axb5 21.Rxa8 Qxa8 22.b4 Ne6
23.Qd3 Qd8 24.Bb3 Qf6 25.Bd5 Bd7 26.Bd2 Nf4 27.Bxf4 Qxf4 28.c4 bxc4 29.Bxc4 d5
30.Qxd5 Bxh3 31.Qc6 Nf6 32.Ne2 Qg4 33.Ng3 Kg7 34.Nxe5 Rxe5 35.gxh3 Qf4 36.Re3 Bxb4
37.Qb7 Be7 38.Ba2 h4 39.Ne2 Rg5+ 40.Kf1 Qh2 41.e5 Nh5 42.Qd5 Bc5 43.Qxf7+ Kh6
44.Nd4 Nf4 45.Ke1 Rg1+  0-1

[Event "7th Gibtelecom Masters"]
[Site "Caleta ENG"]
[Date "2009.01.30"]
[Round "4"]
[White "Haugstad,E"]
[Black "Leniart,A"]
[Result "1/2-1/2"]
[WhiteElo "2115"]
[BlackElo "2360"]

1.e4 e5 2.Nf3 Nc6 3.Bb5 a6 4.Ba4 Nf6 5.O-O Be7 6.Re1 b5 7.Bb3 d6 8.c3 O-O
9.h3 Bb7 10.d4 Re8 11.Nbd2 Bf8 12.Bc2 g6 13.a4 Bg7 14.d5 Ne7 15.Nf1 c6 16.dxc6 Bxc6
17.Ng3 Qc7 18.axb5 axb5 19.Rxa8 Rxa8 20.Qe2 Nd7 21.Bb3 Nc5 22.Bc2 d5 23.exd5 Nxd5
24.Ne4 Ne6 25.Nfg5 Nef4 26.Qf1 h6 27.Nf3 f5 28.Nc5 Qb6 29.b4 Nxc3 30.Bb3+ Kh8
31.Bxf4 exf4 32.Ne5 f3 33.Nxf3 Bxf3 34.gxf3 Qd6 35.Qd3 Qxd3 36.Nxd3 g5 37.f4 Ne4
38.Bd5 Ra3 39.Bxe4 fxe4 40.Nc5 Rxh3 41.fxg5 e3 42.Rxe3 Rxe3 43.fxe3 hxg5
44.Ne6  1/2-1/2

[Event "TCh-AUT 2nd Bundesliga Mitte 2008-9"]
[Site "Austria AUT"]
[Date "2009.02.01"]
[Round "6"]
[White "Diermair,A"]
[Black "Hajnal,Z"]
[Result "1/2-1/2"]
[WhiteElo "2365"]
[BlackElo "2400"]

1.e4 e5 2.Nf3 Nc6 3.Bb5 a6 4.Ba4 Nf6 5.O-O Be7 6.Re1 b5 7.Bb3 d6 8.c3 O-O
9.h3 Bb7 10.d4 Re8 11.Ng5 Rf8 12.Nf3 Re8 13.Nbd2 Bf8 14.d5 Nb8 15.Nf1 h6
16.N1h2  1/2-1/2

[Event "Open A"]
[Site "Moscow RUS"]
[Date "2009.02.02"]
[Round "3"]
[White "Smirnov,P"]
[Black "Matinian,N"]
[Result "1-0"]
[WhiteElo "2579"]
[BlackElo "2361"]

1.e4 e5 2.Nf3 Nc6 3.Bb5 a6 4.Ba4 Nf6 5.O-O Be7 6.Re1 b5 7.Bb3 d6 8.c3 O-O
9.h3 Bb7 10.d4 Re8 11.Nbd2 h6 12.Nf1 Bf8 13.Ng3 Qd7 14.Bc2 exd4 15.cxd4 Nb4
16.Bb1 d5 17.e5 Ne4 18.Nh5 c5 19.Bxh6 cxd4 20.Bf4 d3 21.Bxd3 Nxd3 22.Qxd3 Qf5
23.g4 Qg6 24.Rad1 Bc5 25.Nd4 Rac8 26.Ng3 Bxd4 27.Qxd4 Rc4 28.Qe3 d4 29.Qd3 Nc5
30.Qf1 d3 31.Be3 Rxe5 32.b4 Ne4 33.Qxd3 Nxg3 34.Qxg6 fxg6 35.fxg3 Rc2 36.Rd7 Bf3
37.Rxg7+ Kxg7 38.Bd4 Rg2+ 39.Kf1 Rxa2 40.Rxe5 Bg2+ 41.Ke1 Kf7 42.h4 Bf3 43.g5 a5
44.bxa5 Rxa5 45.Bc5 Ra4 46.Re7+ Kg8 47.Re8+ Kg7 48.Kf2 Bg4 49.Re7+ Kg8 50.Ke3 b4
51.Rb7 b3 52.Rxb3 Bf5 53.Bd4 Kf7 54.Rb6 Bc2 55.g4 Kg8 56.h5 Ra8 57.Rb7 Re8+
58.Kd2 Re4 59.Bf6  1-0

[Event "TCh-HUN 2008-9"]
[Site "Budapest HUN"]
[Date "2009.02.22"]
[Round "8"]
[White "Mihok,O"]
[Black "Hajnal,Z"]
[Result "1/2-1/2"]
[WhiteElo "2345"]
[BlackElo "2400"]

1.e4 e5 2.Nf3 Nc6 3.Bb5 a6 4.Ba4 Nf6 5.O-O Be7 6.Re1 b5 7.Bb3 d6 8.c3 O-O
9.h3 Bb7 10.d4 Re8 11.Nbd2 Bf8 12.d5 Nb8 13.Nf1 h6 14.N3h2 Nbd7 15.Ng4 Nxg4
16.hxg4 Be7 17.f3 Bg5 18.Be3 Bxe3+ 19.Nxe3 Qg5 20.Qe2 Nf6 21.a4 h5 22.axb5 axb5
23.Rxa8 Rxa8 24.Qxb5 Bc8 25.gxh5 Bd7 26.Qe2 Nxh5 27.Bc4 g6 28.Qd2 Nf4 29.Bf1 Qg3
30.Bc4 Kg7 31.Nf1 Qg5 32.g3 Bh3 33.Qf2 Rh8 34.Nh2 Bd7 35.Kh1 Nh5 36.Rg1 Kf8
37.b4 f5 38.Bd3 Qh6 39.exf5 gxf5 40.g4 Nf4 41.Bxf5 Bxf5 42.gxf5 Nh3 43.Qa7  1/2-1/2

[Event "10th EICC"]
[Site "Budva MNE"]
[Date "2009.03.11"]
[Round "6"]
[White "Shomoev,A"]
[Black "Nyback,T"]
[Result "1/2-1/2"]
[WhiteElo "2567"]
[BlackElo "2644"]

1.e4 e5 2.Nf3 Nc6 3.Bb5 a6 4.Ba4 Nf6 5.O-O Be7 6.Re1 b5 7.Bb3 d6 8.c3 O-O
9.h3 Bb7 10.d4 Re8 11.Nbd2 Bf8 12.d5 Nb8 13.Nf1 h6 14.Ng3 Nbd7 15.Nh2 Nc5
16.Bc2 c6 17.b4 Ncd7 18.dxc6 Bxc6 19.Bb3 Nb6 20.Ng4 Nc4 21.a4  1/2-1/2

[Event "10th EICC w"]
[Site "St Petersburg RUS"]
[Date "2009.03.13"]
[Round "6"]
[White "Lahno,Kateri"]
[Black "Kovanova,B"]
[Result "1/2-1/2"]
[WhiteElo "2488"]
[BlackElo "2386"]

1.e4 e5 2.Nf3 Nc6 3.Bb5 a6 4.Ba4 Nf6 5.O-O Be7 6.Re1 b5 7.Bb3 d6 8.c3 O-O
9.h3 Bb7 10.d4 Nd7 11.Nbd2 exd4 12.cxd4 Bf6 13.Nf1 Na5 14.Bc2 Re8 15.Bf4 c5
16.b4 Nc4 17.bxc5 dxc5 18.e5 Bxf3 19.Qxf3 Bg5 20.Rad1 Bxf4 21.Qxf4 Qc7 22.dxc5 Ndxe5
23.Rd5 Nf3+ 24.Qxf3 Rxe1 25.Bxh7+ Kf8 26.Bd3 Nd2 27.Qh5 Nxf1 28.Qh8+ Ke7
29.Qh4+ f6 30.Bxf1 Rd8 31.Qh7 Kf7 32.Qd3 Rxd5 33.Qxd5+ Kf8  1/2-1/2

[Event "10th EICC"]
[Site "Budva MNE"]
[Date "2009.03.14"]
[Round "8"]
[White "Popov,Iv RUS"]
[Black "Belov,Vl"]
[Result "1/2-1/2"]
[WhiteElo "2541"]
[BlackElo "2627"]

1.e4 e5 2.Nf3 Nc6 3.Bb5 a6 4.Ba4 Nf6 5.O-O Be7 6.Re1 b5 7.Bb3 d6 8.c3 O-O
9.h3 Bb7 10.d4 Re8 11.Ng5 Rf8 12.Nf3 Re8 13.Nbd2 Bf8 14.Bc2 Nb8 15.a4 Nbd7
16.b3 d5 17.exd5 Nxd5 18.Nxe5 Nxe5 19.dxe5 Nxc3 20.Qg4 g6 21.Nf3 Bg7 22.Bb2 Bxf3
23.Qxf3 b4 24.Bxc3 bxc3 25.Rad1 Qe7 26.Qxc3  1/2-1/2

[Event "FIDE Women's Grand Prix"]
[Site "Instanbul TUR"]
[Date "2009.03.15"]
[Round "8"]
[White "Hou Yifan"]
[Black "Zhao Xue"]
[Result "0-1"]
[WhiteElo "2571"]
[BlackElo "2508"]

1.e4 e5 2.Nf3 Nc6 3.Bb5 a6 4.Ba4 Nf6 5.O-O Be7 6.Re1 b5 7.Bb3 d6 8.c3 O-O
9.h3 Bb7 10.d4 Re8 11.Nbd2 Bf8 12.a4 Na5 13.Bc2 b4 14.cxb4 Nc6 15.Nb3 Nxb4
16.Na5 Qb8 17.dxe5 dxe5 18.Bg5 Nd7 19.Bb3 Nc5 20.Bd2 Nxb3 21.Qxb3 c5 22.Ng5 Re7
23.Bxb4 cxb4 24.Rad1 Qe8 25.Qxb4 Rb8 26.Qc4 Rc8 27.Qb3 Ba8 28.Nc4 Rec7 29.Nb6 Rb8
30.a5 Rc5 31.Qg3 Bc6 32.b4 Rb5 33.Nd5 Bxd5 34.exd5 Bxb4 35.Rxe5 Qd8 36.Ne4 Qxa5
37.Rg5 Bf8 38.d6 Rxg5 39.Nxg5 Qf5 40.Kh2 h6 41.Nf3 Rd8 42.Kg1 Qe6 43.Ra1 Rxd6
44.Qf4 Qb3 45.Qc1 a5 46.Nd2 Qb5 47.Ne4 Re6 48.Nc3 Qe5 49.Na4 Bd6 50.g3 Qf5
51.Qf1 Bb4 52.Rc1 Rd6 53.Nb2 Bc5 54.Qe2 Qxf2+ 55.Qxf2 Bxf2+ 56.Kxf2 Rd2+
57.Kf3 Rxb2 58.Rc8+ Kh7 59.Ra8 Rb3+ 60.Kg2 Rb5 61.Ra6 h5 62.h4 Rf5 63.Kh3 g6
64.Ra7 Kg7 65.Ra6 Kf8 66.Ra7 Ke8 67.Kg2 Rc5 68.Kf3 Kd8 69.Kg2 Rf5 70.g4 hxg4
71.Kg3 Kc8 72.Kxg4 Kb8 73.Re7 a4 74.h5 Rxh5 75.Rxf7 a3 76.Rf8+ Kb7 77.Rf7+ Kb6
78.Rf6+ Kb5 79.Rxg6 Rh1  0-1

[Event "10th EICC"]
[Site "Budva MNE"]
[Date "2009.03.16"]
[Round "10"]
[White "Szabo,Krisz1"]
[Black "Belov,Vl"]
[Result "1/2-1/2"]
[WhiteElo "2508"]
[BlackElo "2627"]

1.e4 e5 2.Nf3 Nc6 3.Bb5 a6 4.Ba4 Nf6 5.O-O Be7 6.Re1 b5 7.Bb3 d6 8.c3 O-O
9.h3 Bb7 10.d4 Re8 11.Ng5 Rf8 12.Nf3 Re8 13.Ng5 Rf8 14.Nf3 Re8 15.Ng5 Rf8
16.Nf3 h6 17.Nbd2 Re8 18.Nf1 Bf8 19.Ng3 Qd7 20.a4 g6 21.Nh2 Bg7 22.dxe5 Nxe5
23.f4 Nc4 24.Bc2 Re7 25.b3 Nb6 26.a5 Nc8 27.Nf3 Na7 28.e5 dxe5 29.Ba3 e4
30.Bxe7 Qxe7 31.Ne5 e3 32.Qd4 Nd5 33.b4 Qh4 34.Bb3 Nxf4  1/2-1/2

[Event "10th EICC"]
[Site "Budva MNE"]
[Date "2009.03.17"]
[Round "11"]
[White "Bosiocic,Mari"]
[Black "Ragger,M"]
[Result "0-1"]
[WhiteElo "2578"]
[BlackElo "2540"]

1.e4 e5 2.Nf3 Nc6 3.Bb5 a6 4.Ba4 Nf6 5.O-O Be7 6.Re1 b5 7.Bb3 d6 8.c3 O-O
9.h3 Bb7 10.d4 Re8 11.Ng5 Rf8 12.Nf3 Re8 13.Nbd2 Bf8 14.Bc2 g6 15.d5 Nb8
16.b3 c6 17.c4 Nbd7 18.Nf1 Qc7 19.Bg5 Rec8 20.Rc1 cxd5 21.cxd5 Qa5 22.a4 b4
23.Bd3 Qd8 24.Rxc8 Rxc8 25.N1d2 Be7 26.Nc4 a5 27.Be3 Nc5 28.Qb1 Nfd7 29.Bf1 Ba6
30.Nfd2 Bxc4 31.Nxc4 Nb7 32.g3 Bg5 33.h4 Bxe3 34.Rxe3 Nb6 35.Nd2 Qc7 36.Qd3 Ra8
37.h5 Nc5 38.Qe2 Kg7 39.Qg4 Qe7 40.Bb5 Ncd7 41.Bc6 Rc8 42.Re1 Nf6 43.Qh4 Ng8
44.Qh3 Qg5 45.hxg6 hxg6 46.Nc4 Nxc4 47.Qxc8 Nd2 48.Re3 Nf6 49.Bb5 Ndxe4 50.Qc2 Nxf2
51.Kxf2 Ng4+ 52.Kf3 Nxe3 53.Qd2 Qg4+ 54.Kxe3 Qxg3+ 55.Ke2 Qxb3 56.Bc6 Qc4+
57.Kd1 Qd4 58.Qxd4 exd4 59.Kc2 Kf6 60.Kd3 Ke5 61.Be8 g5 62.Bxf7 g4 63.Bg6 b3
64.Ke2 Kf4 65.Bb1 b2 66.Kf2 g3+ 67.Ke2 g2 68.Kf2 g1=Q+ 69.Kxg1 Ke3 70.Kf1 Kd2
71.Kf2 Kc1 72.Bd3 b1=Q 73.Bxb1 Kxb1  0-1

[Event "TCh-AUT 1st Bundesliga 2008-9"]
[Site "Ansfelden AUT"]
[Date "2009.03.22"]
[Round "11"]
[White "Luther,T"]
[Black "Lehner,O"]
[Result "1/2-1/2"]
[WhiteElo "2536"]
[BlackElo "2413"]

1.e4 e5 2.Nf3 Nc6 3.Bb5 a6 4.Ba4 Nf6 5.O-O Be7 6.Re1 b5 7.Bb3 d6 8.c3 O-O
9.h3 Bb7 10.d4 Re8 11.Nbd2 Bf8 12.a3 h6 13.Ba2 Qd7 14.b4 a5 15.d5 Ne7 16.Nb3 axb4
17.cxb4 c6 18.dxc6 Nxc6 19.Bb2 Ra7 20.Nbd2 Nd8 21.Nh2 h5 22.Qf3 Ne6 23.Qe3  1/2-1/2

[Event "Spring Open"]
[Site "Belgrade SRB"]
[Date "2009.03.23"]
[Round "3"]
[White "Marinkov,S"]
[Black "Hlebec,D"]
[Result "1-0"]
[WhiteElo "1996"]
[BlackElo "1780"]

1.e4 e5 2.Nf3 Nc6 3.Bb5 a6 4.Ba4 Nf6 5.O-O Be7 6.Re1 b5 7.Bb3 O-O 8.c3 d6
9.h3 Bb7 10.d4 h6 11.Nbd2 Nd7 12.Nf1 Nb6 13.Ng3 exd4 14.cxd4 Na5 15.Bc2 c5
16.dxc5 dxc5 17.Qe2 Qc7 18.Bd2 Nbc4 19.Bc3 b4 20.Bxg7 Kxg7 21.Nf5+ Kh8 22.Nxh6 Qf4
23.Nf5 Bf6 24.g3 Rg8 25.Kh2 Qc7 26.Nd2 Rg6 27.Nxc4  1-0

[Event "Spring Open"]
[Site "Belgrade SRB"]
[Date "2009.03.29"]
[Round "7"]
[White "Marinkov,S"]
[Black "Samardzija,Z"]
[Result "1-0"]
[WhiteElo "1996"]
[BlackElo "1876"]

1.e4 e5 2.Nf3 Nc6 3.Bb5 a6 4.Ba4 Nf6 5.O-O Be7 6.Re1 b5 7.Bb3 O-O 8.c3 d6
9.h3 Bb7 10.d4 h6 11.Nbd2 exd4 12.cxd4 Nb4 13.a3 Nd3 14.Re3 Nxc1 15.Rxc1 Nh7
16.Ba2 c5 17.Re1 cxd4 18.Nxd4 Bf6 19.N2f3 Qb6 20.Qd3 Ng5 21.Re2 Rac8 22.Rce1 Nxf3+
23.Nxf3 a5 24.Bb1 g6 25.Ba2 Kg7 26.e5 dxe5 27.Nxe5 Bxe5 28.Rxe5 Rfd8 29.Qxb5 Qc6
30.Qxc6 Bxc6 31.Rxa5 Rd2 32.Ra7 Be8 33.Ree7 Kf6 34.Bxf7 Rc1+ 35.Kh2 Bc6 36.Re6+ Kf5
37.Ra5+ Bd5 38.Rd6 Kf4 39.Raxd5 Rxb2 40.Rd4+ Ke5 41.f4+ Kf5 42.Bxg6+  1-0

[Event "10th TCh-RUS w"]
[Site "Dagomys RUS"]
[Date "2009.04.02"]
[Round "1"]
[White "Gaponenko,I"]
[Black "Pogonina,N"]
[Result "1/2-1/2"]
[WhiteElo "2428"]
[BlackElo "2501"]

1.e4 e5 2.Nf3 Nc6 3.Bb5 a6 4.Ba4 Nf6 5.O-O Be7 6.Re1 b5 7.Bb3 O-O 8.c3 d6
9.h3 Bb7 10.d4 Nd7 11.Nbd2 exd4 12.cxd4 Bf6 13.Nf1 Na5 14.Bc2 Re8 15.N1h2 h5
16.Bf4 Nf8 17.Qc1 Ne6 18.e5 Be7 19.b3 dxe5 20.dxe5 c5 21.Bf5 Qb6 22.Ng5 Bxg5
23.Bxg5 Nc6 24.Bxe6 Rxe6 25.Nf3 Nb4 26.Qc3 Rae8 27.a3 Nd5 28.Qd3 Ne7 29.Bxe7 R6xe7
30.Qd6 Qc7 31.Qxc7 Rxc7 32.Rac1 Bxf3 33.gxf3 Kh7 34.f4 Kg6 35.Kg2 Kf5 36.Kf3 Rd8
37.e6 fxe6 38.Re5+ Kf6 39.Rexc5 Rxc5 40.Rxc5 Rd3+ 41.Kg2 Rxb3 42.a4 g6 43.Rc6 Ra3
44.axb5 axb5 45.Rc5 Rb3 46.Rg5 b4 47.Rb5 Rb1 48.Kf3 Rb2 49.Kg2 b3 50.Kf3 Rb1
51.Ke2 Ke7 52.Rb6 Kd7 53.Kd2 h4 54.Kd3 Rh1 55.Ke3 Rb1 56.Kd3 Kc7 57.Rxe6 Rc1
58.Re2 Rh1 59.Rb2 Rxh3+ 60.Ke4 Kd6 61.f3 Rh1 62.Rxb3 h3 63.Rb2 h2 64.Re2 Ke7
65.f5 g5 66.Ke5 Kf7 67.f6 Kg6 68.f7 Kxf7 69.Kf5 Kf8 70.Rg2 g4 71.Kf4 Kf7
72.Kg3 gxf3 73.Rf2 Rg1+  1/2-1/2

[Event "10th TCh-RUS w"]
[Site "Dagomys RUS"]
[Date "2009.04.05"]
[Round "4"]
[White "Bodnaruk,A"]
[Black "Pogonina,N"]
[Result "1/2-1/2"]
[WhiteElo "2373"]
[BlackElo "2501"]

1.e4 e5 2.Nf3 Nc6 3.Bb5 a6 4.Ba4 Nf6 5.O-O Be7 6.Re1 b5 7.Bb3 O-O 8.h3 d6
9.c3 Bb7 10.d4 Nd7 11.Nbd2 exd4 12.cxd4 Bf6 13.Nf1 Na5 14.Bc2 Re8 15.Ng3 g6
16.b3 c5 17.Be3 Nc6 18.Rc1 Rc8 19.Bb1 cxd4 20.Nxd4 Nxd4 21.Rxc8 Qxc8 22.Bxd4 Be5
23.Bxe5 dxe5 24.Qd2 Nf8 25.Rc1 Qb8 26.b4 Rd8 27.Qe3 Bc8 28.Nf5 Re8 29.Qh6 Bxf5
30.exf5 Rc8 31.a3 Rxc1+ 32.Qxc1 Qd8 33.Be4 a5 34.Qc5 axb4 35.axb4 Qd1+ 36.Kh2 Qd2
37.Qxe5 Qxb4 38.Bc6 Qd2 39.Bxb5 Qxf2 40.Bd3 gxf5 41.Bxf5 Ng6  1/2-1/2

[Event "ch-WLS"]
[Site "Cardiff WLS"]
[Date "2009.04.10"]
[Round "1"]
[White "Hurn,R"]
[Black "Kett,T"]
[Result "0-1"]
[WhiteElo "1883"]
[BlackElo "2250"]

1.e4 e5 2.Nf3 Nc6 3.Bb5 a6 4.Ba4 Nf6 5.O-O Be7 6.Re1 b5 7.Bb3 d6 8.c3 O-O
9.h3 Bb7 10.d4 Re8 11.Nbd2 Bf8 12.a4 h6 13.Bc2 exd4 14.cxd4 Nb4 15.Bb1 c5
16.d5 Nd7 17.Nf1 f5 18.Ng3 fxe4 19.Bxe4 Nf6 20.Bg6 Rxe1+ 21.Qxe1 Bxd5 22.Qc3 Na2
23.Qc2 Nxc1 24.Rxc1 bxa4 25.Qxa4 Rb8 26.Re1 Rxb2 27.Nh5 Bxf3 28.gxf3 Nxh5
29.Qg4 Nf6 30.Qe6+ Kh8 31.f4 a5 32.Re3 d5 33.Rg3 c4 34.Qe5 Qb6 35.Rg2 a4
36.Bf7 a3 37.Bxd5 a2 38.Bxc4 a1=Q+ 39.Kh2 Rb1 40.Qf5 Rh1+ 41.Kg3 Qc3+ 42.Bd3 Qbd4
43.Kh4 Qcxd3  0-1

[Event "ch-MGL"]
[Site "Ulan Bator MGL"]
[Date "2009.04.12"]
[Round "4"]
[White "Tserendorj,B"]
[Black "Oyunbaatar,T"]
[Result "1/2-1/2"]
[WhiteElo "2068"]
[BlackElo "2306"]

1.e4 e5 2.Nf3 Nc6 3.Bb5 a6 4.Ba4 Nf6 5.O-O Be7 6.Re1 b5 7.Bb3 d6 8.c3 O-O
9.h3 Bb7 10.d4 Re8 11.Nbd2 Bf8 12.a3 h6 13.Ba2 Nb8 14.Qc2 Nbd7 15.b4 Qe7
16.d5 c6 17.dxc6 Bxc6 18.Nb3 Rac8 19.Na5 Nb6 20.Qd3 Qd7 21.Nh4 d5 22.Nxc6 Qxc6
23.exd5 Nfxd5 24.Bd2 Nxc3 25.Bxc3 Qxc3 26.Bxf7+ Kxf7 27.Qg6+ Kg8 28.Qxb6 Qd4
29.Qxd4 exd4 30.Rxe8 Rxe8 31.Rd1 Be7 32.Re1 d3 33.Nf3 Kf8 34.Rd1 Rd8 35.Rd2 a5
36.Ne5 axb4 37.axb4 Bxb4 38.Rxd3 Rxd3 39.Nxd3 Bc3 40.Kf1 Ke7 41.Ke2 Kd6 42.Nc1 Kd5
43.Kd3 Bd4 44.f3 Bb2 45.Nb3 Ke5 46.Ke3 Ba3 47.f4+ Kd5 48.Kd3 Bb2 49.g4 Bf6
50.Nd2 b4 51.Ne4 Bd4 52.Nd2 Bb6 53.h4 Bf2 54.h5 Be1 55.Nc4 Bg3 56.Ne3+ Ke6
57.Nc2 b3 58.Nd4+ Kf6 59.Nxb3 Bxf4  1/2-1/2

[Event "4th FIDE GP"]
[Site "Nalchik RUS"]
[Date "2009.04.15"]
[Round "1"]
[White "Karjakin,Sergey"]
[Black "Eljanov,P"]
[Result "1/2-1/2"]
[WhiteElo "2721"]
[BlackElo "2693"]

1.e4 e5 2.Nf3 Nc6 3.Bb5 a6 4.Ba4 Nf6 5.O-O Be7 6.Re1 b5 7.Bb3 d6 8.c3 O-O
9.h3 Bb7 10.d4 Re8 11.Nbd2 Bf8 12.Ng5 Re7 13.d5 Na5 14.Bc2 c6 15.b4 Nc4 16.Nxc4 bxc4
17.dxc6 Bxc6 18.Nf3 h6 19.Qe2 Rc8 20.Rd1 Qc7 21.a4 Qb7 22.Nd2 d5 23.Rb1 Nxe4
24.Nxe4 dxe4 25.b5 axb5 26.axb5 Bxb5 27.Bxh6 f5 28.Ba4 Bxa4 29.Rxb7 Bxd1
30.Qb2 Bb3 31.Rxb3 cxb3 32.Qxb3+ Rf7 33.Bg5 f4 34.Qd5 e3 35.fxe3 Rxc3 36.exf4 Rc5
37.Qe6 exf4 38.Bxf4 Rf5 39.Bg3 Kh7 40.Kh2 g6 41.Qc4 Bg7 42.Qh4+ Kg8 43.Qc4 Kh7
44.Qh4+ Kg8 45.Qc4  1/2-1/2

[Event "Sydney International Open"]
[Site "Parramatta AUS"]
[Date "2009.04.15"]
[Round "2"]
[White "Yu,Sal"]
[Black "Milligan,H"]
[Result "1-0"]
[WhiteElo "1819"]
[BlackElo "1985"]

1.e4 e5 2.Nf3 Nc6 3.Bb5 a6 4.Ba4 Nf6 5.O-O Be7 6.Re1 b5 7.Bb3 d6 8.c3 O-O
9.h3 Bb7 10.d4 Re8 11.Ng5 Rf8 12.Nf3 Re8 13.Nbd2 Bf8 14.Bc2 h6 15.Nf1 exd4
16.cxd4 Nb4 17.Ng3 Nxc2 18.Qxc2 c5 19.d5 Nd7 20.Nf5 Qf6 21.Bd2 b4 22.Nh2 Qd8
23.Nf3 a5 24.Bf4 Nb6 25.Rad1 Qd7 26.Nh2 Ba6 27.Ng4 Qd8 28.e5 h5 29.Nfh6+  1-0

[Event "CCF Easter"]
[Site "Coulsdon ENG"]
[Date "2009.04.16"]
[Round "7"]
[White "Berelowitsch,A"]
[Black "Savage,B"]
[Result "1/2-1/2"]
[WhiteElo "2581"]
[BlackElo "2330"]

1.e4 e5 2.Nf3 Nc6 3.Bb5 a6 4.Ba4 Nf6 5.O-O Be7 6.Re1 b5 7.Bb3 d6 8.c3 O-O
9.h3 Bb7 10.d4 Re8 11.Nbd2 Bf8 12.d5 Nb8 13.Nf1 Nbd7 14.c4 Nc5 15.Bg5 h6
16.Bxf6 Qxf6 17.Bc2 bxc4 18.Ne3 c6 19.Rc1 cxd5 20.Nxd5 Bxd5 21.Qxd5 Qe6 22.Nd2  1/2-1/2

[Event "Sydney International Open"]
[Site "Parramatta AUS"]
[Date "2009.04.18"]
[Round "7"]
[White "Schon,E"]
[Black "Milligan,H"]
[Result "1-0"]
[WhiteElo "2186"]
[BlackElo "1985"]

1.e4 e5 2.Nf3 Nc6 3.Bb5 a6 4.Ba4 Nf6 5.O-O Be7 6.Re1 b5 7.Bb3 d6 8.c3 O-O
9.h3 Bb7 10.d4 Re8 11.Ng5 Rf8 12.Nf3 Re8 13.Nbd2 Bf8 14.d5 Nb8 15.Nf1 h6
16.Ng3 g6 17.Nh2 Nbd7 18.Ng4 Nxg4 19.hxg4 c6 20.dxc6 Bxc6 21.Qf3 Qf6 22.Qxf6 Nxf6
23.g5 hxg5 24.Bxg5 Kg7 25.Rad1 Ra7 26.f3 Rd7 27.Nf1 Nh5 28.Ne3 f6 29.Bh4 Nf4
30.Bg3 Ne6 31.Bd5 Bxd5 32.Rxd5 Nc7 33.Rd2 Kf7 34.Red1 Ke6 35.Nd5 Nxd5 36.Rxd5 Rc8
37.Bf2 Rc4 38.a3 f5 39.Be1 Rc5 40.Rxc5 dxc5 41.Rxd7 Kxd7 42.c4 Ke6 43.b3 Be7
44.Bd2 g5 45.Kh2 Bd8 46.Kg3 Be7 47.Ba5 Kf6 48.Kf2 Ke6 49.exf5+ Kxf5 50.g4+ Ke6
51.Ke3 b4 52.axb4 cxb4 53.Ke4 Bc5 54.Bd8 Bd4 55.Bxg5 a5 56.f4 a4 57.f5+ Kf7
58.bxa4 b3 59.Bc1 b2 60.Bxb2 Bxb2 61.g5 Bd4 62.a5 Ke7 63.a6 Kd6 64.g6 Ke7
65.g7 Kf7 66.f6 Kg8 67.Kd5  1-0